[Event "Oberliga Nord N 1617"]
[Site "Germany"]
[Date "2017.03.19"]
[Round "7.8"]
[White "Elbracht, Michael"]
[Black "Parvanyan, Alfred"]
[Result "0-1"]
[WhiteElo "2028"]
[BlackElo "2053"]
[PlyCount "66"]
[EventDate "2016.10.16"]
[EventType "team-tourn"]
[EventRounds "9"]
[EventCountry "GER"]
[SourceTitle "EXT 2018"]
[Source "ChessBase"]
[SourceDate "2017.10.13"]
[SourceVersion "1"]
[SourceVersionDate "2017.10.13"]
[SourceQuality "1"]
[WhiteTeam "Hamburger SK"]
[BlackTeam "Neumuenster Agon"]
[WhiteTeamCountry "GER"]
[BlackTeamCountry "GER"]

1. e4 e6 2. d4 d5 3. Nc3 Bb4 4. e5 Ne7 5. a3 Bxc3+ 6. bxc3 c5 7. Bd3 h6 8. Qg4 c4 9. Be2 Nf5 10. Nf3 Bd7 11. 0-0 Ba4 12. Ra2 Nc6 13. Qh3 Kd7 14. g4 Nfe7 15. Nh4 Qg8 16. Ng2 Qh7 17. Ne3 f6 18. f4 fxe5 19. fxe5 Raf8 20. Qg2 Rxf1+ 21. Kxf1 g5 22. Rb2 b5 23. Ke1 Rf8 24. Bd2 Qf7 25. Qf1 Qg8 26. Qg2 Ng6 27. Kd1 Nf4 28. Qh1 Qg6 29. Ke1 a6 30. Bf3 Ne7 31. h3 Qf7 32. Bg2 Nd3+ 33. Kd1 Nf2+ 0-1

[Event "GER-chT U20"]
[Site "Osnabrueck"]
[Date "2015.12.28"]
[Round "3.6"]
[White "Elbracht, Michael"]
[Black "Spindler, Florian"]
[Result "1/2-1/2"]
[WhiteElo "2024"]
[BlackElo "1879"]
[PlyCount "93"]
[EventDate "2015.12.27"]
[EventType "team-swiss"]
[EventRounds "7"]
[EventCountry "GER"]
[SourceTitle "EXT 2017"]
[Source "ChessBase"]
[SourceDate "2016.10.25"]
[SourceVersion "1"]
[SourceVersionDate "2016.10.25"]
[SourceQuality "1"]
[WhiteTeam "Hamburger SK"]
[BlackTeam "Porz SG"]
[WhiteTeamCountry "GER"]
[BlackTeamCountry "GER"]

1. e4 c5 2. Nf3 e6 3. b3 Nc6 4. Bb2 d6 5. Nc3 Nf6 6. Bd3 a6 7. 0-0 Be7 8. Re1 e5 9. Bf1 Be6 10. d3 0-0 11. Ne2 Qc7 12. Ng3 Nd4 13. c3 Nxf3+ 14. Qxf3 Bg4 15. Qe3 Rac8 16. Be2 Bxe2 17. Rxe2 Rfd8 18. Nf5 g6 19. Nxe7+ Qxe7 20. Rf1 Nh5 21. g3 Qe6 22. f4 exf4 23. gxf4 d5 24. Rg2 dxe4 25. dxe4 Nf6 26. e5 Nd5 27. Qg3 Qf5 28. c4 Nb4 29. Qf3 h6 30. Qxb7 Nc2 31. Rg3 Rd2 32. e6 Qxe6 33. f5 Qd7 34. Qxd7 Rxd7 35. fxg6 fxg6 36. Rxg6+ Kh7 37. Rff6 Rg8 38. Rxg8 Kxg8 39. Rxa6 Rd1+ 40. Kf2 Rd2+ 41. Kg3 Nb4 42. Ra8+ Kf7 43. Ra7+ Kg6 44. Rg7+ Kh5 45. Ba3 Nxa2 46. Bxc5 Rd3+ 47. Kf4 1/2-1/2

[Event "GER-chT U16"]
[Site "Naumburg"]
[Date "2012.12.27"]
[Round "1"]
[White "Moenius, Oliver"]
[Black "Elbracht, Michael"]
[Result "0-1"]
[WhiteElo "1331"]
[BlackElo "1600"]
[PlyCount "88"]
[EventDate "2012.12.27"]
[EventType "team-swiss"]
[EventRounds "7"]
[EventCountry "GER"]
[SourceTitle "EXT 2014"]
[Source "ChessBase"]
[SourceDate "2013.11.20"]
[SourceVersion "1"]
[SourceVersionDate "2013.11.20"]
[SourceQuality "1"]
[WhiteTeam "Hoechstadt/Aisch"]
[BlackTeam "Hamburger SK"]
[WhiteTeamCountry "GER"]
[BlackTeamCountry "GER"]

1. d4 Nf6 2. c4 g6 3. Nc3 Bg7 4. Nf3 0-0 5. Bg5 d6 6. e3 c5 7. d5 Na6 8. Be2 Bd7 9. 0-0 Nc7 10. Qc2 a6 11. b3 b5 12. a3 Rc8 13. Rfd1 b4 14. axb4 cxb4 15. Na4 Ncxd5 16. Qd2 Nc3 17. Nxc3 bxc3 18. Qxc3 Ne4 19. Qd3 Nxg5 20. Rxa6 Bf5 21. Qd2 Ne4 22. Qa5 Qxa5 23. Rxa5 Nc3 24. Re1 Nxe2+ 25. Rxe2 Rb8 26. Ra3 Bd3 27. Re1 Bb2 28. Ra7 Rfe8 29. Rd1 Rxb3 30. Rc7 Rc3 31. Nd2 Rc1 32. Rxc1 Bxc1 33. Nb3 Bb2 34. c5 dxc5 35. Rxc5 Bf6 36. Nd2 Ra8 37. h3 Ra1+ 38. Kh2 Ra2 39. Nf3 Rxf2 40. Kg3 Re2 41. Rd5 Rxe3 42. Kf4 Re4+ 43. Kg3 Ba6 44. Rd8+ Kg7 0-1